[Event "IECG CP.2004.Q.00009 email"]
[Site "IECG email"]
[Date "2006.01.20"]
[Round "?"]
[White "Martin Moreno, Luis"]
[Black "Weeks, Mark A"]
[Result "1/2-1/2"]
[WhiteElo "1980"]
[BlackElo "2150"]
[PlyCount "115"]
[EventDate "2006.01.20"]
[EventType "tourn (corr)"]
[EventRounds "6"]
[EventCountry "ARM"]
[SourceTitle "Corr 2008"]
[Source "ChessBase"]
[SourceDate "2008.06.24"]
[SourceVersion "1"]
[SourceVersionDate "2008.06.24"]
[SourceQuality "1"]

1. e4 c5 2. Nc3 Nc6 3. f4 g6 4. Nf3 Bg7 5. Bb5 Nd4 6. 0-0 e6 7. e5 a6 8. Bd3 f5 9. Nxd4 cxd4 10. Ne2 d6 11. exd6 Qxd6 12. a4 Ne7 13. b3 0-0 14. Qe1 b6 15. Ba3 Qd7 16. Bc4 Re8 17. Nc1 Nc6 18. Nd3 Bb7 19. b4 Nd8 20. Bb3 Bd5 21. Ne5 Qc7 22. Qf2 Nc6 23. Bxd5 exd5 24. Nd3 Nd8 25. Rac1 Qc6 26. a5 bxa5 27. bxa5 Rc8 28. Bc5 Re4 29. Rb1 Qa4 30. Bb6 Nb7 31. Nb4 d3 32. c3 Qb5 33. Qf3 Nxa5 34. Bxa5 Qxa5 35. Qxd3 d4 36. c4 Rce8 37. Nd5 Re2 38. Rb8 Rxb8 39. Qxe2 d3 40. Qxd3 Qc5+ 41. Kh1 a5 42. Qc2 Rb2 43. Qa4 Rxd2 44. Re1 Rb2 45. Qe8+ Qf8 46. Qd7 Rb8 47. h3 Kh8 48. Re7 Ra8 49. Qa4 Qd8 50. Kh2 Qf8 51. Qd7 Rd8 52. Qe6 a4 53. Rf7 Qe8 54. Qxe8+ Rxe8 55. Ra7 Bd4 56. Rxa4 Re2 57. Ra6 Kg7 58. Rc6 1/2-1/2

[Event "IECG CP.2004.Q.00009 email"]
[Site "IECG email"]
[Date "2006.01.20"]
[Round "?"]
[White "Weeks, Mark A"]
[Black "Contreras Poblete, Juan Antonio"]
[Result "1/2-1/2"]
[WhiteElo "2150"]
[BlackElo "1931"]
[PlyCount "125"]
[EventDate "2006.01.20"]
[EventType "tourn (corr)"]
[EventRounds "6"]
[EventCountry "ARM"]
[SourceTitle "Corr 2008"]
[Source "ChessBase"]
[SourceDate "2008.06.24"]
[SourceVersion "1"]
[SourceVersionDate "2008.06.24"]
[SourceQuality "1"]

1. e4 e5 2. Nf3 Qe7 3. Nc3 c6 4. d4 d6 5. Be2 Qc7 6. 0-0 Be7 7. Be3 Nf6 8. h3 0-0 9. a3 Nbd7 10. Qd2 b6 11. Rad1 Bb7 12. Nh4 Nxe4 13. Nxe4 Bxh4 14. dxe5 d5 15. Bf4 Nxe5 16. Qc3 Qe7 17. Bxe5 Rfe8 18. Bxg7 dxe4 19. b4 Qg5 20. Bd4 Rad8 21. Be3 Qg7 22. Qc4 Qe5 23. Qb3 Bc8 24. Qa4 Qc7 25. Rxd8 Bxd8 26. b5 c5 27. Rd1 Bf6 28. Bc4 Bf5 29. Bd5 Rd8 30. c4 Kg7 31. Re1 Bg6 32. Qc2 Qe5 33. Qc1 h5 34. Bh6+ Kh7 35. a4 Qc3 36. Bd2 Qxc1 37. Bxc1 Bc3 38. Re3 Be5 39. g4 Bf4 40. gxh5 Bxh5 41. Bxe4+ Kh6 42. Re1 Bxc1 43. Rxc1 Rd4 44. Bd5 f5 45. Rc3 Be2 46. Kg2 Kg5 47. Rg3+ Kf6 48. Rc3 Bd3 49. Kg3 Be2 50. f4 Bd3 51. Kf2 Be4 52. Bc6 Rd6 53. a5 Bxc6 54. bxc6 Rxc6 55. axb6 axb6 56. Kg3 Rd6 57. Rb3 Kg6 58. Kh4 Re6 59. Rb2 Kh6 60. Rd2 Kg6 61. Rb2 Rd6 62. Rb3 Kh6 63. Rb2 1/2-1/2